000 00355cam a2200145ua 4500
041 _aeng
_h
082 _a823.301
_bDOR/LA
100 _aDorothy, King .
245 _aLast days of pompell /
_cKing Dorothy.
_hTextual Documents
260 _aLondon :
_bBlackie & Son Ltd ,
_c1961.
300 _a129 ; .
504 _a
942 _cBK
999 _c3149
_d3149